<The> Transmission of international business cycles shocks evidence from the european periphery, 1861-1913

Gespeichert in:
Bibliographische Detailangaben
1. Verfasser: Garcia-Iglesias
Format: Buch
Sprache:Englisch
Veröffentlicht: San Domenico (FI) European University Institute 1999
Schriftenreihe:EUI Working paper HEC No. 99/4
Schlagworte:
Tags: Tag hinzufügen
Keine Tags, Fügen Sie das erste Tag hinzu!

MARC

LEADER 00000nam a2200000 4500
001 c131893
005 20221108124128.3
041 0 |a eng 
044 |a IT 
245 1 0 |a <The> Transmission of international business cycles shocks  |b evidence from the european periphery, 1861-1913  |c Garcia-Iglesias 
264 1 |a San Domenico (FI)  |b European University Institute  |c 1999 
300 |a 63 s. 
490 1 |a EUI Working paper  |v HEC No. 99/4 
830 0 |a EUI Working paper  |v HEC No. 99/4 
610 2 0 |a cykly obchodné 
610 2 0 |a obchod medzinárodný 
610 2 0 |a štúdie 
610 2 0 |a politika obchodná 
610 2 0 |a politika hospodárska 
610 2 0 |a kurz devízový 
610 2 0 |a údaje štatistické 
610 2 0 |a Európa 
610 2 0 |a 1861-1913 
100 1 |a Garcia-Iglesias